Desarrollo cognitivo y educación (Registro nro. 4753)

Detalles MARC
000 -LEADER
fixed length control field 01129 a2200253 4500
001 - CONTROL NUMBER
control field 48920
005 - DATE AND TIME OF LATEST TRANSACTION
control field 20260407155755.0
008 - FIXED-LENGTH DATA ELEMENTS--GENERAL INFORMATION
fixed length control field 260407a1995 arg spa d
003 - CONTROL NUMBER IDENTIFIER
control field AR-UNSa-BCEJYS
040 ## - CATALOGING SOURCE
Original cataloging agency AR-UNSa-BCEJYS
Language of cataloging spa
Transcribing agency AR-UNSa-BCEJYS
020 ## - INTERNATIONAL STANDARD BOOK NUMBER
International Standard Book Number 84-7112-319-3
100 1# - MAIN ENTRY--PERSONAL NAME
Personal name Bruner, Jerome S.
245 10 - TITLE STATEMENT
Title Desarrollo cognitivo y educación
250 ## - EDITION STATEMENT
Edition statement 2a.ed.
264 #1 - PRODUCTION, PUBLICATION, DISTRIBUTION, MANUFACTURE, AND COPYRIGHT NOTICE
Place of production, publication, distribution, manufacture Madrid :
Name of producer, publisher, distributor, manufacturer Ediciones Morata
Date of production, publication, distribution, manufacture, or copyright notice 1995
300 ## - PHYSICAL DESCRIPTION
Extent 278 p.
Dimensions 24 cm.
505 ## - FORMATTED CONTENTS NOTE
Formatted contents note PRIMERA PARTE: Desarrollo cognitivo: 1. Más allá de la información dada - 2. El curso del desarrollo cognitivo - 3. La perfectibilidad de la inteligencia - 4. Cultura y desarrollo cognitivo - 5. Pobreza e infancia - SEGUNDA PARTE: Educación y desarrollo humano: 6. La educación como invento social - 7. La disponibilidad para aprender - 8. El desarrollo de la mente - 9. Una asignatura sobre el hombre - 10. Consideraciones sobre la reforma escolar - TERCERA PARTE: Autobiografía.
590 ## - LOCAL NOTE (RLIN)
Local note niveau_biblio:m niveau_hierar:0
700 1# - ADDED ENTRY--PERSONAL NAME
Personal name Igoa, J.M.
700 1# - ADDED ENTRY--PERSONAL NAME
Personal name Arenales, R.
700 1# - ADDED ENTRY--PERSONAL NAME
Personal name Solana, G.
700 1# - ADDED ENTRY--PERSONAL NAME
Personal name Colina, F.
942 ## - ADDED ENTRY ELEMENTS (KOHA)
Koha item type
Existencias
Withdrawn status Lost status Damaged status Not for loan Home library Current library Shelving location Date acquired Total checkouts Full call number Barcode Date last seen Price effective from Koha item type
        Biblioteca Prof. Eusebio Cleto del Rey Biblioteca Prof. Eusebio Cleto del Rey   07/04/2026   37.015.3 B894 2ed. L70348 07/04/2026 07/04/2026 Libro